| 000 | 004070000a22001330004500 | ||
|---|---|---|---|
| 005 | 20170207120344.0 | ||
| 008 | 170207b xxu||||| |||| 00| 0 spa d | ||
| 040 |
_aCO-BoIAVH _cCO-BoIAVH |
||
| 090 |
_aMM _b00252 |
||
| 245 | 1 | 0 |
_aAves tropicales: _ba vuelo de pájaro para jugar. _hCd-Rom |
| 300 |
_aCD-ROM _b1 juego didáctico en el aplicativo |
||
| 650 |
_aAves _xjuegos didácticos |
||
| 942 |
_cCD-ROM _2z |
||
| 999 |
_c16637 _d16637 |
||